<?xml version="1.0" encoding="UTF-8"?>
<record
    xmlns:xsi="http://www.w3.org/2001/XMLSchema-instance"
    xsi:schemaLocation="http://www.loc.gov/MARC21/slim http://www.loc.gov/standards/marcxml/schema/MARC21slim.xsd"
    xmlns="http://www.loc.gov/MARC21/slim">

  <leader>00855cam a2200265   4500</leader>
  <controlfield tag="003">EG-GiCUC</controlfield>
  <controlfield tag="008">070120s1996    ua     g      000 0 ara d</controlfield>
  <datafield tag="017" ind1=" " ind2=" ">
    <subfield code="a">1993 / 3728</subfield>
    <subfield code="b">&#x645;&#x635;&#x631;.&#x62F;&#x627;&#x631; &#x627;&#x644;&#x643;&#x62A;&#x628;</subfield>
  </datafield>
  <datafield tag="020" ind1=" " ind2=" ">
    <subfield code="a">9770901415</subfield>
  </datafield>
  <datafield tag="040" ind1=" " ind2=" ">
    <subfield code="a">EG-GiCUC</subfield>
    <subfield code="b">ara</subfield>
    <subfield code="c">EG-GiCUC</subfield>
  </datafield>
  <datafield tag="050" ind1=" " ind2="4">
    <subfield code="a">BP165</subfield>
    <subfield code="b">G3 1996</subfield>
  </datafield>
  <datafield tag="092" ind1="0" ind2="4">
    <subfield code="a">210</subfield>
    <subfield code="b">G4118hd 1996</subfield>
    <subfield code="2">21</subfield>
  </datafield>
  <datafield tag="099" ind1=" " ind2=" ">
    <subfield code="a">04</subfield>
    <subfield code="a">210 G4118hd 1996</subfield>
  </datafield>
  <datafield tag="100" ind1="1" ind2=" ">
    <subfield code="a">&#x627;&#x644;&#x63A;&#x632;&#x627;&#x644;&#x649; : &#x645;&#x62D;&#x645;&#x62F; : </subfield>
    <subfield code="d">1917-1996</subfield>
  </datafield>
  <datafield tag="245" ind1="1" ind2="0">
    <subfield code="a">&#x647;&#x630;&#x627; &#x62F;&#x64A;&#x646;&#x646;&#x627; / </subfield>
    <subfield code="c">&#x645;&#x62D;&#x645;&#x62F; &#x627;&#x644;&#x63A;&#x632;&#x627;&#x644;&#x649;</subfield>
  </datafield>
  <datafield tag="250" ind1=" " ind2=" ">
    <subfield code="a">&#x637;4.</subfield>
  </datafield>
  <datafield tag="260" ind1=" " ind2=" ">
    <subfield code="a">&#x627;&#x644;&#x642;&#x627;&#x647;&#x631;&#x629; : </subfield>
    <subfield code="b">&#x62F;&#x627;&#x631; &#x627;&#x644;&#x634;&#x631;&#x648;&#x642; : </subfield>
    <subfield code="c">1996</subfield>
  </datafield>
  <datafield tag="300" ind1=" " ind2=" ">
    <subfield code="a">263&#x635; &#x61B; </subfield>
    <subfield code="c">24&#x633;&#x645; .</subfield>
  </datafield>
  <datafield tag="650" ind1=" " ind2="7">
    <subfield code="a">&#x627;&#x644;&#x627;&#x633;&#x644;&#x627;&#x645;</subfield>
    <subfield code="v">&#x62E;&#x637;&#x628; : &#x645;&#x642;&#x627;&#x644;&#x627;&#x62A; : &#x645;&#x62D;&#x627;&#x636;&#x631;&#x627;&#x62A;</subfield>
    <subfield code="2">qrmak</subfield>
  </datafield>
  <datafield tag="650" ind1=" " ind2="7">
    <subfield code="a">&#x627;&#x644;&#x627;&#x633;&#x644;&#x627;&#x645;</subfield>
    <subfield code="v">&#x62F;&#x641;&#x639; &#x645;&#x637;&#x627;&#x639;&#x646;</subfield>
    <subfield code="2">qrmak</subfield>
  </datafield>
  <datafield tag="902" ind1=" " ind2=" ">
    <subfield code="a">2</subfield>
  </datafield>
  <datafield tag="905" ind1=" " ind2=" ">
    <subfield code="a">&#x627;&#x628;&#x631;&#x627;&#x647;&#x64A;&#x645;</subfield>
    <subfield code="e">&#x645;&#x62F;&#x62E;&#x644;</subfield>
  </datafield>
  <datafield tag="905" ind1=" " ind2=" ">
    <subfield code="a">&#x627;&#x64A;&#x645;&#x627;&#x646; &#x639;</subfield>
    <subfield code="e">&#x645;&#x631;&#x627;&#x62C;&#x639;</subfield>
  </datafield>
  <datafield tag="942" ind1=" " ind2=" ">
    <subfield code="2">ddc</subfield>
    <subfield code="c">BK</subfield>
  </datafield>
  <datafield tag="999" ind1=" " ind2=" ">
    <subfield code="c">91578</subfield>
    <subfield code="d">91578</subfield>
  </datafield>
  <datafield tag="952" ind1=" " ind2=" ">
    <subfield code="2">ddc</subfield>
    <subfield code="7">0</subfield>
    <subfield code="a">CUCL</subfield>
    <subfield code="b">cl2u6</subfield>
    <subfield code="d">2024-02-11</subfield>
    <subfield code="o">210 G4118hd 1996 c.1 Store     </subfield>
    <subfield code="p">01000100102547000</subfield>
    <subfield code="r">2023-09-22 00:00:00</subfield>
    <subfield code="t">C.1</subfield>
    <subfield code="y">BK</subfield>
  </datafield>
  <datafield tag="952" ind1=" " ind2=" ">
    <subfield code="2">ddc</subfield>
    <subfield code="7">0</subfield>
    <subfield code="a">CUCL</subfield>
    <subfield code="b">cl2u6</subfield>
    <subfield code="d">2024-02-11</subfield>
    <subfield code="o">210 G4118hd 1996 c.2 Store     </subfield>
    <subfield code="p">01000100102548000</subfield>
    <subfield code="r">2023-09-22 00:00:00</subfield>
    <subfield code="t">C.2</subfield>
    <subfield code="y">BK</subfield>
  </datafield>
</record>
